<?xml version="1.0" encoding="UTF-8" ?>
<collection xmlns="http://www.loc.gov/MARC21/slim"><record><leader>00880nam a2200217 nc4500</leader><controlfield tag="001">22364</controlfield><controlfield tag="003">CH-000273-5</controlfield><controlfield tag="005">20161223163138.0</controlfield><datafield tag="035" ind1=" " ind2=" "><subfield code="a">(OCoLC)906879157</subfield></datafield><datafield tag="041" ind1=" " ind2=" "><subfield code="a">fre</subfield></datafield><datafield tag="245" ind1="0" ind2="0"><subfield code="a">Festival Dada</subfield><subfield code="b">Salle Gaveau : mercredi 26 mai 1920 à 3 h. après-midi</subfield><subfield code="h">Akzidenz</subfield></datafield><datafield tag="260" ind1=" " ind2=" "><subfield code="a">Paris</subfield><subfield code="c">1920.05.26</subfield></datafield><datafield tag="300" ind1=" " ind2=" "><subfield code="a">2 S.</subfield><subfield code="c">36,9 x 27,2 cm, in Passepartout</subfield></datafield><datafield tag="510" ind1="4" ind2="0"><subfield code="a">Dada global, 1994</subfield><subfield code="c">S. 249, Nr. 229</subfield></datafield><datafield tag="600" ind1="1" ind2="4"><subfield code="a">Picabia, Francis</subfield><subfield code="d">22.01.1879 - 30.11.1953</subfield><subfield code="a">Tzara, Tristan</subfield><subfield code="d">1896 - 1963</subfield><subfield code="a">Ribemont-Dessaignes, Georges</subfield><subfield code="d">1884 - 1974</subfield></datafield><datafield tag="650" ind1="0" ind2="4"><subfield code="a">Veranstaltung</subfield><subfield code="x">Verzeichnis</subfield></datafield><datafield tag="651" ind1="0" ind2="4"><subfield code="a">Zürich</subfield><subfield code="x">Kunsthaus Zürich</subfield><subfield code="x">Dadaismus</subfield><subfield code="x">Sammlung</subfield></datafield><datafield tag="651" ind1="0" ind2="4"><subfield code="a">Paris</subfield><subfield code="x">Salle Gaveau</subfield><subfield code="g">Paris</subfield><subfield code="x">1920.05.26</subfield><subfield code="x">Veranstaltung</subfield></datafield><datafield tag="710" ind1="2" ind2="0"><subfield code="a">Salle Gaveau </subfield><subfield code="g">Paris</subfield></datafield><datafield tag="852" ind1="4" ind2="0"><subfield code="a">CH-000273-5</subfield><subfield code="c">DADA V:18 / DS 2</subfield></datafield><datafield tag="856" ind1="4" ind2="1"><subfield code="u">https://digital.kunsthaus.ch/viewer/image/22364/1/</subfield><subfield code="y">Kunsthaus Zürich Sammlungen online</subfield></datafield></record></collection>